| 000 | 00431nam a2200169 a 4500 | ||
|---|---|---|---|
| 005 | 20140310183348.0 | ||
| 008 | 070503s19uu xx 00 eng d | ||
| 020 | _a0671648047 | ||
| 050 |
_aPS 3553.U75 _b.C986 1986 |
||
| 100 | _aCussler, Clive | ||
| 245 |
_aDeep six. _cClive Cussler |
||
| 260 |
_aU.S.A : _bPocket Books Inc, _c1986. |
||
| 300 |
_a470 p. : _c17 cm. |
||
| 650 | _aFiction. | ||
| 942 |
_cBK _2lcc |
||
| 999 |
_c22001 _d22001 |
||